Statystyki dla wszystkie drużyny ligue 1 na sezon 2023/24

Kliknij tutaj aby rozwiązać quiz!

Ogólne statystyki

  • Ten quiz został rozwiązany 9 razy
  • Średni wynik to 7 z 18

Statystyki odpowiedzi

Odpowiedź% Poprawnych
Lyon
100%
PSG
88%
Lens
63%
AS Monaco
50%
Nantes
50%
OM
50%
Lorient
38%
Montpellier
38%
Stade Reims
38%
Clermont Foot
25%
Metz
25%
Stade Rennes
25%
Toulouse
25%
Le Havre
13%
OGC Nice
13%
Stade Brest
13%
Lille Losc
0%
RC Strasbourg
0%

Rozkład punktacji

Percentyl według liczby udzielonych odpowiedzi

Procent ludzi z każdym wynikiem

Twoja historia wyników

Nie rozwiązałeś tego quizu